| 000 | 01086nam a2200313Ia 4500 | ||
|---|---|---|---|
| 005 | 20220316235405.0 | ||
| 008 | 121119s1994 sp a gr 000 0 spa | ||
| 020 | _a8427219326 | ||
| 041 | 1 | _aspa | |
| 082 | 0 | 4 |
_a771.3 _bK35m |
| 100 | 1 | _aKing, Dave, | |
| 245 | 1 | 0 |
_aMi primer libro de fotografía _cDave King ; ilustraciones de Coral Mula, Adrienne Hutchinson ; traducción de María Millán |
| 250 | _aPrimera edición | ||
| 264 | 1 |
_aBarcelona _bMolino _c1994 |
|
| 300 |
_a48 páginas _bilustraciones _c34 cm. |
||
| 336 |
_atexto _btxt _2rdacontent |
||
| 337 |
_asin mediación _bn _2rdamedia |
||
| 338 |
_avolumen _bnc _2rdacarrier |
||
| 500 | _aincluye índice de contenido | ||
| 650 | 1 | 4 |
_2LEMB _aIndice de contenido |
| 650 | 1 | 4 |
_2LEMB _aFotografía _xEnseñanza elemental |
| 650 | 1 | 4 |
_2LEMB _aCámaras fotográficas |
| 650 | 1 | 4 |
_2LEMB _aFotografía para niños |
| 700 | 1 |
_aMula, Coral _eilustrador _9118337 |
|
| 700 | 1 |
_aHutchinson, Adrienne _eilustrador _9118338 |
|
| 700 | 1 |
_aMillán, María _etraductor _9118339 |
|
| 942 |
_2ddc _cBK |
||
| 040 |
_aCO-BoRNBP _bspa _erda _cCO-BoRNBP |
||
| 999 |
_c810 _d810 |
||